[Event "COL-ch U18 Girls"]
[Site "Yopal"]
[Date "2012.06.15"]
[Round "5"]
[White "Perez Velasco, Daniela"]
[Black "Torres Cardenas, Laura"]
[Result "1-0"]
[WhiteElo "1461"]
[BlackElo "1489"]
[PlyCount "55"]
[EventDate "2012.06.13"]
[EventType "tourn"]
[EventRounds "9"]
[EventCountry "COL"]
[SourceTitle "EXT 2014"]
[Source "ChessBase"]
[SourceDate "2013.11.20"]
[SourceVersion "1"]
[SourceVersionDate "2013.11.20"]
[SourceQuality "1"]

1. d4 d5 2. c4 Nf6 3. Nc3 e6 4. Bg5 Be7 5. cxd5 exd5 6. Qc2 Nc6 7. e3 0-0 8. a3 Ne4 9. Bxe7 Nxe7 10. Nxe4 dxe4 11. Qxe4 Bf5 12. Qxb7 Qb8 13. Qxb8 Raxb8 14. b4 c6 15. Nf3 Bg4 16. Be2 Rfe8 17. h3 Bxf3 18. Bxf3 Rb6 19. 0-0 Nd5 20. Bxd5 cxd5 21. Rac1 f6 22. Rc5 Rd8 23. Rfc1 Kf7 24. Rc7+ Ke6 25. Rxa7 Rd7 26. Rxd7 Kxd7 27. Rc5 Kd6 28. b5 1-0

[Event "Puerto Boyaca op (Women)"]
[Site "Puerto Boyaca"]
[Date "2012.04.29"]
[Round "6"]
[White "Perez Velasco, Daniela"]
[Black "Sandoval Fuquen, Janneth Katherin"]
[Result "1-0"]
[WhiteElo "1478"]
[BlackElo "1536"]
[PlyCount "59"]
[EventDate "2012.04.26"]
[EventType "swiss"]
[EventRounds "9"]
[EventCountry "COL"]
[SourceTitle "CBM 148 Extra"]
[Source "ChessBase"]
[SourceDate "2012.06.22"]
[SourceVersion "1"]
[SourceVersionDate "2012.06.22"]
[SourceQuality "1"]

1. d4 d5 2. c4 c6 3. Nc3 Nf6 4. Nf3 e6 5. Bg5 Be7 6. e3 Nbd7 7. cxd5 exd5 8. Bd3 h6 9. Bh4 Ne4 10. Bxe7 Qxe7 11. 0-0 Ndf6 12. h3 Bf5 13. Qc2 0-0 14. Ne5 Nxc3 15. Bxf5 Nce4 16. Rfe1 Rfe8 17. Rac1 g6 18. Bxe4 Nxe4 19. a3 a6 20. f3 Nd6 21. Nxg6 fxg6 22. Qxg6+ Kf8 23. Qxh6+ Kg8 24. e4 dxe4 25. Rc5 Nf7 26. Qg6+ Kf8 27. Rf5 Rad8 28. Rxe4 Qd7 29. Qh6+ Kg8 30. Rg4+ 1-0

[Event "Puerto Boyaca op (Women)"]
[Site "Puerto Boyaca"]
[Date "2012.04.27"]
[Round "2"]
[White "Perez Velasco, Daniela"]
[Black "Argote Heredia, Valentina"]
[Result "1-0"]
[WhiteElo "1478"]
[BlackElo "1743"]
[PlyCount "139"]
[EventDate "2012.04.26"]
[EventType "swiss"]
[EventRounds "9"]
[EventCountry "COL"]
[SourceTitle "CBM 148 Extra"]
[Source "ChessBase"]
[SourceDate "2012.06.22"]
[SourceVersion "1"]
[SourceVersionDate "2012.06.22"]
[SourceQuality "1"]

1. d4 Nf6 2. c4 e6 3. Nc3 Bb4 4. e3 Bxc3+ 5. bxc3 b6 6. Bd3 Bb7 7. f3 d6 8. Ne2 Nbd7 9. 0-0 Rc8 10. e4 0-0 11. Bg5 e5 12. f4 exf4 13. Rxf4 c5 14. d5 Qc7 15. Bxf6 Nxf6 16. Rxf6 gxf6 17. Ng3 Kh8 18. Qh5 f5 19. e5 dxe5 20. Bxf5 f6 21. d6 Qf7 22. Qxf7 Rxf7 23. Bxc8 Bxc8 24. Rd1 Bd7 25. Ne4 f5 26. Ng5 Rg7 27. Nf3 e4 28. Ne5 h5 29. Rd5 f4 30. Nxd7 Rxd7 31. Rxh5+ Kg7 32. Rd5 Kf6 33. Kf2 Ke6 34. a3 a6 35. Rd1 b5 36. cxb5 axb5 37. h3 Ke5 38. Ke2 Ke6 39. Kf2 e3+ 40. Ke2 Kf5 41. Kf3 Ke5 42. Ke2 Ke4 43. h4 b4 44. axb4 Ra7 45. Kf1 Ra2 46. Kg1 Rd2 47. Re1 cxb4 48. cxb4 Rxd6 49. b5 Rg6 50. Kh2 f3 51. gxf3+ Kxf3 52. Rf1+ Ke2 53. Rb1 Kf2 54. b6 Rg8 55. b7 Rb8 56. Kh3 e2 57. Rb2 Kf1 58. Rb1+ e1Q 59. Rxe1+ Kxe1 60. Kg4 Rxb7 61. h5 Kf2 62. Kg5 Kf3 63. h6 Rb5+ 64. Kg6 Kg4 65. h7 Rb6+ 66. Kg7 Rb7+ 67. Kg8 Kg5 68. h8Q Kg6 69. Qe5 Rb4 70. Qd6+ 1-0